000 00342 a2200157 4500
001 59769
020 _a9783570132852
040 _cAnchieta - Pituba
100 _aCaveney, Philip
240 1 0 _aSebastian dark
_lpor
245 1 0 _aSebastian dark
300 _a350
362 0 _a2007
650 4 _aLiteratura juvenil em alemão
942 _cBK
999 _c59769
_d59769